00702nam a22002297a 450000500170000001000130001702000100003003500130004003700160005304000120006908200180008110000190009924501030011825000110022126000360023227000670026830000250033550000410036065000270040165000340042870000100046220170124110015.0 aA-435703 c00.00 aA-435703 bCen Lib/Ret aDPLbEN a332.6042bSHA aShanbhag, A.N. aIn the wonderland of investment :cby A.N.Shanbhag:illustrated by Mariobassessment year 1991-92 / a9th ed aBombaybPopular Prakashanc1990 a35-C, Pandit Madan Mohan Malaviya Marg TardeobBombaye400 034 axvi,333p. c20cm(Hb) aIncludes bibliographical references  aInvestment management. aPersonal Investment Planning. aMario